Η μουσική του σχολείου : θεωρία, μελωδικαί ασκήσεις, τραγούδια

Αποθηκεύτηκε σε:
Λεπτομέρειες βιβλιογραφικής εγγραφής
Κύριος συγγραφέας: Μαργαζιώτης, Ιωάννης Δ., 1897-1983
Μορφή: Βιβλίο
Γλώσσα:Greek
Δημοσίευση: Αθήναι : [χ.ό.], 1957
Έκδοση:3η έκδ.
Θέματα:
Ετικέτες: Προσθήκη ετικέτας
Δεν υπάρχουν, Καταχωρήστε ετικέτα πρώτοι!

MARC

LEADER 00000cam a2200000 i 4500
001 1/88254
008 080610s1957 gre d
035 |l 10098069 
040 |a GR-MY-UA  |b gre  |e aacr 
041 0 |a gre 
082 0 |a 372.87  |2 (22) 
100 1 |a Μαργαζιώτης, Ιωάννης Δ.,   |d 1897-1983. 
245 1 2 |a Η μουσική του σχολείου :  |b θεωρία, μελωδικαί ασκήσεις, τραγούδια /  |c Ιωάννου Δ. Μαργαζιώτη 
250 |a 3η έκδ. 
260 |a Αθήναι :   |b [χ.ό.],   |c 1957 
300 |a 143 σ.;  |c 24 εκ. 
521 |a "Προς χρήσιν των Γυμνασίων, Παρθεναγωγείων, Παιδαγωγικών Ακαδημιών και των εν τω Πανεπιστημίω Αθηνών μετεκπαιδευομένων δημοδιδασκάλων" 
650 0 0 |a School music  |x Instruction and study. 
650 0 0 |a Music theory. 
650 0 0 |a Music  |x Songs and music. 
650 0 0 |a Music  |x Elementary education. 
852 |a INST  |b RHODES  |c AKA  |e 20080610  |h  372.87 ΜΑΡ  |p 005400027948  |q 005400027948  |t BK  |y 0 
901 |a BIBL4-2008-2 
909 |a Ρ  |b 150556 
970 |a ΧΑΡΙΟΠΟΛΙΤΟΥ  |b ΚΩΝΣΤΑΝΤΙΝΑ  |z 2008/06/10